| 000 | 01058nam2a22002411 4500 | ||
|---|---|---|---|
| 001 | RU\NLR\INFOCOMM18\1000186541 | ||
| 005 | 20250617010326.0 | ||
| 035 | _a(NLR Aleph) 002332163 | ||
| 090 |
_a4455068 _c4455068 |
||
| 100 | _a20041011d2000 |||y0rusy50 ca | ||
| 101 | 0 | _arus | |
| 102 | _aRU | ||
| 105 | _ay ||||||||| | ||
| 200 | 0 | _aВып.4 | |
| 210 |
_d2000 _aБ. м. |
||
| 461 | 0 |
_1001RU\NLR\INFOCOMM18\1000186538 _12001#$aРоссия и Италия$dRussia e Italia$fРос. акад. наук. Ин-т всеобщ. истории. Ассоц. культ. и делового сотрудничества с Италией$zita$vВып.4 _94455062 _cМ. _d1993 - _fРос. акад. наук. Ин-т всеобщ. истории. Ассоц. культ. и делового сотрудничества с Италией _lRussia e Italia _nНаука _tРоссия и Италия _vВып.4 |
|
| 801 | 1 |
_aRU _bInfoComm _c20041011 |
|
| 801 | 0 |
_aRU _bNLR _gPSBO |
|
| 852 |
_aNLR _jП22/7434 |
||
| 942 | _cISSUE | ||
| 980 | _aNB | ||
| 980 | _aRUSPER | ||